000
00372nam a2200121Ia 4500
003
GCL
008
140319s9999 xx 000 0 ara d
040
_a
GCL /
_c
GCL
082
0
4
_a
810.9
_b
س م
245
1
0
_a
مكونات الادب المقارن فى العالم العربى
260
_a
[S.N] :
_b
الشركة العالمية للكتاب ش م ل ،
_c
1987
490
_a
999
_c
54940
_d
54940